Normal view
MARC view
- Küchemann, Dietrich,
Entry Personal Name
001 - CONTROL NUMBER
- control field: 111121
003 - CONTROL NUMBER IDENTIFIER
- control field: NUST
005 - DATE AND TIME OF LATEST TRANSACTION
- control field: 20230322145804.0
008 - FIXED-LENGTH DATA ELEMENTS
- fixed length control field: 230322|| aca||aabn | a|a d
040 ## - CATALOGING SOURCE
- Original cataloging agency: NUST
- Transcribing agency: NUST
100 ## - HEADING--PERSONAL NAME
- Personal name: Küchemann, Dietrich,
- Dates associated with a name: 1911-1976
670 ## - SOURCE DATA FOUND
- Source citation: Work cat.: (NUST)0: Küchemann, Dietrich, 1911-1976., The aerodynamic design of aircraft /
